LEADER 01667nam0 2200349 450 001 000041541 005 20150916153842.0 010 $a978-88-7959-781-4 100 $a20150914d2013----km-y0itaa50------ba 101 0 $aita 102 $aIT 200 1 $aFisica biomedica$fDomenico Scannicchio$gcon la collaborazione di Gastone Castellani ... [et al.] 205 $a3. ed 210 $aNapoli$cEdiSES$d2013 215 $aXX, 702, [42] p.$cill.$d27 cm. 300 $aCon appendici 606 1 $aBiofisica 676 $a571.4$v(22. ed.)$9Fisiologia e soggetti connessi. Biofisica 700 1$aScannicchio,$bDomenico$0296055 702 1$aCastellani,$bGastone 801 0$aIT$bUniversità della Basilicata - B.I.A.$gREICAT$2unimarc 912 $a000041541 996 $aFisica biomedica$9243038 997 $aUNIBAS CAT $aSTD104$b01$c20150914$lBAS01$h1141 CAT $aTTM$b30$c20150916$lBAS01$h1538 FMT Z30 -1$lBAS01$LBAS01$mBOOK$1BASA2$APolo Tecnico-Scientifico$2DID$BDidattica$3PTS.C1.P1.13$6113910$5T113910$820150914$f98$FConsultazione Z30 -1$lBAS01$LBAS01$mBOOK$1BASA2$APolo Tecnico-Scientifico$2DID$BDidattica$3PTS.C1.P1.13A$6113911$5T113911$820150914$f04$FPrestabile Didattica Z30 -1$lBAS01$LBAS01$mBOOK$1BASA2$APolo Tecnico-Scientifico$2DID$BDidattica$3PTS.C1.P1.13B$6113912$5T113912$820150914$f04$FPrestabile Didattica Z30 -1$lBAS01$LBAS01$mBOOK$1BASA2$APolo Tecnico-Scientifico$2DID$BDidattica$3PTS.C1.P1.13C$6113913$5T113913$820150914$f04$FPrestabile Didattica Z30 -1$lBAS01$LBAS01$mBOOK$1BASA2$APolo Tecnico-Scientifico$2DID$BDidattica$3PTS.C1.P1.13D$6113914$5T113914$820150914$f04$FPrestabile Didattica LEADER 00877nam1-2200301---450- 001 990000725240203316 035 $a0072524 035 $aUSA010072524 035 $a(ALEPH)000072524USA01 035 $a0072524 100 $a20011108d1861----km-y0itay0103----ba 101 $aita 102 $aIT 105 $a||||||||001yy 200 1 $aOpere inedite$fdi Vincenzo Gioberti 210 $aIn Napoli$cStabilimento tipografico dei classici italiani$d1861- 215 $aXIX, 354 p.$d24 cm 700 1$aGIOBERTI,$bVincenzo$f<1801-1852>$068480 912 $a990000725240203316 951 $aF.V. A$bL.M.$cF.V. A 959 $aBK 969 $aANTICO 979 $aPAOLA$b40$c20011108$lUSA01$h1621 979 $aPAOLA$b40$c20011108$lUSA01$h1626 979 $c20020403$lUSA01$h1721 979 $aPATRY$b90$c20040406$lUSA01$h1650 996 $aOpere inedite$9962470 997 $aUNISA